| 000 | 01377nam a2200337 a 4500 | ||
|---|---|---|---|
| 001 | |||
| 003 | |||
| 005 | 20220517123239.0 | ||
| 007 | |||
| 008 | 090509s2012 xxu 000 0 spa d | ||
| 020 | _z9788764974317 | ||
| 040 |
_aBPMSU _bspa _cBPMSU |
||
| 050 | _b | ||
| 082 |
_a928.973 _bH875p. 2012 _222 |
||
| 100 | 1 |
_aHubbard, L.Ronald _d1911-1986 |
|
| 245 |
_aL. Ronald Hubbard : _b un perfil / _c L. Ronald Hubbard |
||
| 260 |
_a[California] : _bNew Era Publications International APS, _c2012 |
||
| 300 |
_a231 p. ; _c29 cm. |
||
| 490 | 0 | _3La Colección de L. Ronald Hubbard. | |
| 505 | _aUna introducción a L. Ronald Hubbard 1 -- Cronología : acontecimientos significativos en la vida de L. Ronald Hubber 17 -- Filántropo 87 -- Soluciones para educación 91 -- Respuestas a las drogas 105 -- El camino a la felicidad 113 -- Soluciones para la administración 125 -- Artista 135 -- Escritor 137 -- Maestro musical 149 -- Fotógrafo 153 -- Cineasta 157 -- Author Services, Inc. 161 | ||
| 590 | _6Inventariado, 2022/VM | ||
| 600 | 1 | 4 |
_aHubbard,L. Ronald, _d1911-1986 _vBiografías |
| 650 | 4 |
_aAutores estadounidenses _vBiografías _ySiglo XX |
|
| 910 | _aVMateo V. | ||
| 942 |
_2ddc _cBK |
||
| 945 | _aInventariado / 2017 VM | ||
| 956 |
_a _b _c _l _h |
||
| 956 |
_a _b _c _l _h |
||
| 956 |
_a _b _c _l _h |
||
| 956 |
_aVMATEO _b10 _c20150807 _lBPMSU _h00151 |
||
| 999 |
_c14203 _d14203 |
||